00869nam a22002057a 4500999001900000005001700019010001300036020002600049035001300075037002300088082001200111100001700123245008800140260003600228270007000264300002900334500006500363942002600428952020900454 c162644d16264420190319162355.0 aB-713332 a9788186270981c690.00 aB-713332 bBirla Publications a621.382 aRajput, R.K. aAn integrated course in electronics and communication engineering /cby R.K. Rajput aDelhibBirla Publicationsc2018 a1/9185, Street No. 5, West Rohtash Nagar, ShahdarabDelhie110032 a1116p.:bill.c24cm(Pbk) awith several thousands objective type questions with answers 2ddccENmRAJh621.382 001040708NFICaLbLd2019-03-19eAksharesh Enterprises/0006/13-03-19/591/07-03-19/19-03-19g690.00l22m21o621.382 RAJpB-713332q2026-04-23r2026-04-09 13:30:06s2026-04-09t1v690.00w2019-03-19yEN